Report of the Finance Committee on The Credit Facility Agreement Between the Government of the Republic of Ghana and Societe Generale Ghana Limited in the Amount of Fifty Million United States Dollars (US$50,000,000.00) for Infrastructural Projects at Ghana Missions Abroad 2016 (Record no. 4302)

MARC details
000 -LEADER
fixed length control field 00785nam a22001697a 4500
003 - CONTROL NUMBER IDENTIFIER
control field OSt
005 - DATE AND TIME OF LATEST TRANSACTION
control field 20240807145659.0
008 - FIXED-LENGTH DATA ELEMENTS--GENERAL INFORMATION
fixed length control field 240801b |||||||| |||| 00| 0 eng d
041 ## - LANGUAGE CODE
Language code of text/sound track or separate title English
082 ## - DEWEY DECIMAL CLASSIFICATION NUMBER
Classification number CR/GMA/16 Acc.No.9522 C.1
110 ## - MAIN ENTRY--CORPORATE NAME
Corporate name or jurisdiction name as entry element Parliament Of Ghana
245 ## - TITLE STATEMENT
Title Report of the Finance Committee on The Credit Facility Agreement Between the Government of the Republic of Ghana and Societe Generale Ghana Limited in the Amount of Fifty Million United States Dollars (US$50,000,000.00) for Infrastructural Projects at Ghana Missions Abroad 2016
260 ## - PUBLICATION, DISTRIBUTION, ETC.
Place of publication, distribution, etc. Accra:
Name of publisher, distributor, etc. Parliament Of Ghana,
Date of publication, distribution, etc. 2016.
300 ## - PHYSICAL DESCRIPTION
Extent 4p.;
653 ## - INDEX TERM--UNCONTROLLED
Uncontrolled term 1. Fifty Million United States Dollars (US$50,000,000.00) 2. Infrastructural Projects at Ghana Missions Abroad 2016
942 ## - ADDED ENTRY ELEMENTS (KOHA)
Source of classification or shelving scheme Dewey Decimal Classification
Koha item type Reports
Suppress in OPAC No

No items available.

©2026  Parliament of Ghana Library - All rights reserved